000
00260 a2200097 4500
001
14858
100
_a
Ketelbey D.M
245
_a
A short history of modern Europe from 1789 to present day
260
_a
Oxford
_b
Oxford Claremont press
_c
090
_c
11628
_d
11628
942
_a
NUST-CAE
_c
M
_c
1812
999
_c
249931
_d
249931